| 000 | 02158nam0a2200397 4500 | ||
|---|---|---|---|
| 001 | RU\NLR\bibl\227717 | ||
| 005 | 20260607043103.0 | ||
| 010 |
_a5-294-00097-0 _bВ пер. _930000 |
||
| 021 |
_aRU _b2001-53070 _92567 |
||
| 035 | _a(NLR Aleph) 000223704 | ||
| 090 |
_a1300758 _c1300758 |
||
| 100 | _a20020204d2001 |||y0rusy50 ca | ||
| 101 | 0 | _arus | |
| 102 | _aRU | ||
| 105 | _ay ||||||||| | ||
| 200 | 1 |
_aПравовое регулирование хозяйственной деятельности _eУчеб. _eДля студентов образоват. учреждений сред. проф. образования, обучающихся по специальностям 0601 "Экономика, бухгалт. учет и контроль" и 0602 "Менеджмент" _fД. М. Сорк, Н. Г. Заморенова, Е. Н. Белоусов |
|
| 210 |
_aМ. _cМастерство _d2001 |
||
| 215 |
_a207, [1] с. _d22 |
||
| 225 | 1 | _aСреднее профессиональное образование | |
| 320 | _aБиблиогр. в подстроч. примеч | ||
| 606 | 1 |
_aХозяйственное право _jРуководства, пособия и т.п. _yРоссийская Федерация _92116617 _3RU\NLR\auth\661278615 |
|
| 606 | 1 |
_aХозяйственное право _jУчебные издания для высшей школы _yРоссийская Федерация _92116617 _3RU\NLR\auth\661278615 |
|
| 606 | 0 | _aХозяйственное право Российской Федерации | |
| 606 | 0 | _aРоссийская Федерация, право | |
| 675 |
_a347.4(075.32) _v3 _zrus |
||
| 686 | 1 | _aХ623.012.09я73 | |
| 700 | 1 |
_4070 _7ca _8rus _aСорк _bД. М. _gДиана Михайловна _94661 _3RU\NLR\auth\7721600 |
|
| 701 | 1 |
_aЗаморенова _bН. Г. _gНадежда Григорьевна _4070 |
|
| 701 | 1 |
_aБелоусов _bЕ. Н. _gЕвгений Николаевич _4070 |
|
| 801 | 0 |
_aRU _bRKP _c20020204 _gPSBO |
|
| 801 | 1 |
_aRU _bRKP _c20020204 |
|
| 801 | 2 |
_aRU _bNLR _c20041104 _grcr |
|
| 942 | _cBOOK | ||
| 980 | _aNB | ||